LEADER 01581nam a22003491i 4500 001 991002438609707536 005 20040323175152.0 008 040407s1924 it a||||||||||||||||mul 035 $ab12922936-39ule_inst 035 $aARCHE-090254$9ExL 040 $aDip.to Scienze Storiche$bita$cA.t.i. Arché s.c.r.l. Pandora Sicilia s.r.l. 041 0 $alatita 082 04$a945.47 100 0 $aAgnellus :$cRavennatis$0486597 245 10$aCodex pontificalis ecclesiae Ravennatis, 1 :$bAgnelli Liber pontificalis /$ca cura di Alessandro Testi Rasponi 250 $aNuova ed. riv. ampliata e corretta /$bcon la direzione di Giosuè Carducci e Vittorio Fiorini 260 $aBologna :$bN. Zanichelli,$c1924 300 $a3 v. in 2 (VIII, 256 p., [4] c. di tav.) :$bill. ;$c31 cm 440 0$aRerum italicarum scriptores : raccolta degli storici italiani dal Cinquecento al Millecinquecento / ordinata da L. A. Muratori ;$v2.3 500 $aPubbl. a fascicoli 500 $aIn testa al front.: Istituto storico italiano 651 4$aRavenna$xStoria ecclesiastica$ySec. 6.-16.$xFonti 700 1 $aTesti Rasponi, Alessandro 700 1 $aMuratori, Lodovico Antonio 700 1 $aCarducci, Giosuè 700 1 $aFiorini, Vittorio 907 $a.b12922936$b02-04-14$c16-04-04 912 $a991002438609707536 945 $aLE009 MSM V Coll. 43/2.3$g1$iLE009S.i.-00197$lle009$o-$pE0.00$q-$rn$so $t0$u0$v0$w0$x0$y.i13495811$z16-04-04 996 $aCodex pontificalis ecclesiae Ravennatis, 1$9304652 997 $aUNISALENTO 998 $ale009$b16-04-04$cm$da $e-$fmul$git $h0$i1 LEADER 01544nam2 22002893i 450 001 LO10066516 005 20251003044206.0 100 $a20190715d1979 ||||0itac50 ba 101 | $aita 102 $ait 181 1$6z01$ai $bxxxe 182 1$6z01$an 183 1$6z01$anc$2RDAcarrier 200 1 $aˆ11.1: ‰Usufrutto, uso e abitazione$fLina Bigliazzi Geri 210 $aMilano$cA. Giuffre$d1979 215 $aVIII, 337 p.$d25 cm. 461 1$1001CFI0035976$12001 $aTrattato di diritto civile e commerciale$fgià diretto da Antonio Cicu, Francesco Messineo$gcontinuato da Luigi Mengoni$g[poi] già diretto da Antonio Cicu, Francesco Messineo, Luigi Mengoni$gcontinuato da Piero Schlesinger$v11.1 676 $a346.04$9DIRITTO DELLA PROPRIETA$v21 676 $a346.0434$9Diritto privato. Tenancy$v21 700 1$aBigliazzi Geri$b, Lina$3CFIV038876$4070$0230004 801 3$aIT$bIT-000000$c20190715 850 $aIT-BN0095 $aIT-NA0438 $aIT-NA0070 912 $aLO10066516 950 2$aBiblioteca Centralizzata di Ateneo$cv. 1;3-4;v. 1-4;1.1-3.1;4;5.1;6.1.1-6.2-6.3;7-8.2;9.3;10-11.2-14.2;16.1-16.2;18.3;19;21.1-23;24.1-24.2; 25.2;26.1;26.2.1;26.2.1;26.3-26.4;27.1-27.2.1;28(3. copia);30.1-30.3;31.1-31.3;32;34(2. copia);35.1;37.1-38.1;39.1;41.3;42;43.1-43.2;48(2. copia)-51;53-55;62.2;$d 01TRA 31 TRADDC$e 01S 0090023505 VMA (0011.1 v. 11.1$fB $h20250325$i20250325 977 $a 01$a BD$a BU 996 $aUsufrutto uso e abitazione$9645259 997 $aUNISANNIO